Länder mit der größten Durchschnittshöhe - Statistiken

Allgemein
  • Dieses Quiz wurde 35 mal gespielt
  • Das Durchschnittsergebnis liegt bei 12 aus 20
Antwortstatistiken
Durchschnittshöhe Antwort % Korrekt
2.565 Nepal
97%
1.555 Peru
88%
2.220 Bhutan
84%
1.192 Bolivien
78%
1.871 Chile
75%
2.988 Kirgisistan
75%
1.350 Schweiz
75%
1.996 Andorra
72%
1.840 China
72%
3.186 Tadschikistan
72%
1.305 Iran
63%
1.884 Afghanistan
56%
1.432 Georgien
44%
1.528 Mongolei
44%
2.161 Lesotho
41%
1.598 Ruanda
38%
1.792 Armenien
34%
1.504 Burundi
34%
1.330 Äthiopien
16%
1.250 Libanon
6%
Keine übereinstimmenden Quizze gefunden
Verteilung der Resultate
Anzahl Personen mit jedem Resultat
Perzentil nach korrekt beantworteten Fragen
Ihre Resultats-Entwicklung
Sie haben dieses Quiz noch nicht gespielt